00222nam a2200061Ia 4500245005900000100006000059008004100119 0aINDLELA ILUKHUNI : Likhetselo Letindzaba Letimfishane  a Magagula Modison Salayedvwa Manzini, 1993 Rev. ed 210817s9999 xx 000 0 und d